Problems of economic development in the third world: with special reference to India (Record no. 351621)

000 -LEADER
fixed length control field 00391cam a22001217a 4500
008 - FIXED-LENGTH DATA ELEMENTS--GENERAL INFORMATION
fixed length control field 180718b1980 xxu||||| |||| 00| 0 eng d
082 ## - DEWEY DECIMAL CLASSIFICATION NUMBER
Classification number T19x54 P886
100 ## - MAIN ENTRY--PERSONAL NAME
Personal name Prasad, K.N.
245 ## - TITLE STATEMENT
Title Problems of economic development in the third world: with special reference to India
Statement of responsibility, etc. by K.N. Prasad
260 ## - PUBLICATION, DISTRIBUTION, ETC.
Place of publication, distribution, etc. New Delhi
Name of publisher, distributor, etc. Sterling
Date of publication, distribution, etc. 1980
300 ## - PHYSICAL DESCRIPTION
Extent 458p.
650 ## - SUBJECT ADDED ENTRY--TOPICAL TERM
Topical term or geographic name entry element India - Economic conditions
Holdings
Withdrawn status Lost status Damaged status Not for loan Permanent Location Current Location Date acquired Full call number Barcode Date last seen Price effective from Koha item type
        Indian Institute of Public Administration Indian Institute of Public Administration 1993-11-16 T19x54 P886 56335 2018-07-21 2018-07-21 Book

Powered by Koha